<?xml version="1.0" encoding="UTF-8"?>
<record
    xmlns:xsi="http://www.w3.org/2001/XMLSchema-instance"
    xsi:schemaLocation="http://www.loc.gov/MARC21/slim http://www.loc.gov/standards/marcxml/schema/MARC21slim.xsd"
    xmlns="http://www.loc.gov/MARC21/slim">

  <leader>02627nam a22002417a 4500</leader>
  <controlfield tag="005">20250506142258.0</controlfield>
  <controlfield tag="008">250505b        |||||||| |||| 00| 0 eng d</controlfield>
  <datafield tag="020" ind1=" " ind2=" ">
    <subfield code="a">9788180549991</subfield>
  </datafield>
  <datafield tag="040" ind1=" " ind2=" ">
    <subfield code="c">AIMIT LIBRARY</subfield>
  </datafield>
  <datafield tag="082" ind1=" " ind2=" ">
    <subfield code="2">1</subfield>
    <subfield code="a">658.3</subfield>
    <subfield code="b">GUPC</subfield>
  </datafield>
  <datafield tag="100" ind1=" " ind2=" ">
    <subfield code="a">Gupta, C.B.</subfield>
    <subfield code="9">209218</subfield>
  </datafield>
  <datafield tag="245" ind1=" " ind2=" ">
    <subfield code="a">Modern human resource management /</subfield>
    <subfield code="c">By C.B. Gupta.</subfield>
  </datafield>
  <datafield tag="250" ind1=" " ind2=" ">
    <subfield code="a">1st ed.</subfield>
  </datafield>
  <datafield tag="260" ind1=" " ind2=" ">
    <subfield code="a">New Delhi :</subfield>
    <subfield code="b">Sultan Chand and Sons ,</subfield>
    <subfield code="c">2013.</subfield>
  </datafield>
  <datafield tag="300" ind1=" " ind2=" ">
    <subfield code="a">xvi,A.16</subfield>
    <subfield code="b">PB</subfield>
    <subfield code="c">25cm.</subfield>
  </datafield>
  <datafield tag="500" ind1=" " ind2=" ">
    <subfield code="a">Modern Human Resource Management has been especially designed and written for Paper CH 4&#xB7;4 (Human Resource Management) under Fourth Semester of B.Com. (Hons.) course of Delhi University. It has been thoroughly revised so as to cover the syllabus of Four year B.Com. course (lInd Semester) of Delhi University.

Salient Features

Comprehensive and systematic coverage of the prescribed syllabus.
Learning Objectives in the beginning of each chapter to provide a bird's eye-view of the contents.
Extensive use of tables and diagrams to facilitate understanding.
Examples from Indian industries.
Summary at the end of each chapter for quick revision before the examination.
Test questions at the end of each chapter culled from B.Com. (Hons.) examinations of Delhi University.
Reader friendly format and simple language.</subfield>
  </datafield>
  <datafield tag="505" ind1=" " ind2=" ">
    <subfield code="a">
Contents :
Unit I: Introduction to Human Resource Management
Nature and Scope of Human Resource Management 
Human Resource Department and HR Manager 
Human Resource Policies 
Unit II : Acquisition of Human Resources
Human Resource Planning 
Job Analysis &#x2013; Job Description and Job Specification 
Recruitment and Selection 
Placement, Induction and Socialisation 
Unit III : Training and Development
Employee Training 
Management Development Systems 
Career Planning and Development
Unit IV: Performance, Employee Counseling and Job Changes
Performance Appraisal 
Employee Counselling 
Job Changes &#x2013; Transfers and Promotions 
Unit V: Compensation
Compensation 
Job Evaluation 
Incentive Plans and Performance Linked Compensation 
Unit VI : Maintenance
Employee Health and Safety 
Employee Welfare 
Social Security 
Grievance Handling and Redressal 
Unit VII : Emerging Horizons In Human Resource Management
Emerging Horizons in Human Resource Management 
APPENDIX: Cases in HRM 
Question Papers 
</subfield>
  </datafield>
  <datafield tag="650" ind1=" " ind2=" ">
    <subfield code="a">Training and development</subfield>
    <subfield code="9">209219</subfield>
  </datafield>
  <datafield tag="650" ind1=" " ind2=" ">
    <subfield code="a">Performance apprasial employee counselling and job changes</subfield>
    <subfield code="9">209220</subfield>
  </datafield>
  <datafield tag="650" ind1=" " ind2=" ">
    <subfield code="a">Compensation</subfield>
    <subfield code="9">209221</subfield>
  </datafield>
  <datafield tag="650" ind1=" " ind2=" ">
    <subfield code="a">Emerging horizons in human resource management</subfield>
    <subfield code="9">209222</subfield>
  </datafield>
  <datafield tag="942" ind1=" " ind2=" ">
    <subfield code="2">ddc</subfield>
    <subfield code="c">BK</subfield>
    <subfield code="e">1st</subfield>
    <subfield code="k">658.3 GUPC</subfield>
  </datafield>
  <datafield tag="999" ind1=" " ind2=" ">
    <subfield code="c">234279</subfield>
    <subfield code="d">234279</subfield>
  </datafield>
  <datafield tag="952" ind1=" " ind2=" ">
    <subfield code="0">0</subfield>
    <subfield code="1">0</subfield>
    <subfield code="2">ddc</subfield>
    <subfield code="4">0</subfield>
    <subfield code="7">0</subfield>
    <subfield code="8">MBA</subfield>
    <subfield code="a">AIMIT</subfield>
    <subfield code="b">AIMIT</subfield>
    <subfield code="c">HRM</subfield>
    <subfield code="d">2025-03-14</subfield>
    <subfield code="e">Biblios Book Point</subfield>
    <subfield code="g">315.00</subfield>
    <subfield code="i">Bill no:7467; Bill dt:2025/3/11</subfield>
    <subfield code="l">0</subfield>
    <subfield code="o">658.3 GUPC</subfield>
    <subfield code="p">MBA15089</subfield>
    <subfield code="r">2026-05-23 00:00:00</subfield>
    <subfield code="v">267.75</subfield>
    <subfield code="w">2025-05-05</subfield>
    <subfield code="y">BK</subfield>
  </datafield>
</record>
